Portraits of Kant : reflections from 18th- and 19th- century Europe /

Portraits of Kant is a rare collection of first-hand accounts of the 18th-century German philosopher Immanuel Kant, arguably one of the most important thinkers of the modern age. Nearly all of the source material is appearing for the first time in English, with extracts from letters, diaries and jou...

Full description

Bibliographic Details
Format: Book
Language:English
Published: London ; New York : Bloomsbury Academic, 2024.
Subjects:

MARC

Tag First Indicator Second Indicator Subfields
LEADER 00000cam a2200000 i 4500
001 in00005646921
003 OCoLC
005 20250716152402.2
008 240606s2024 enka b 001 0 eng d
035 |a (OCoLC)1436905132 
040 |a YDX  |e rda  |c YDX  |d COO  |d BWK 
020 |a 1350116513  |q (3 volume set)  |q (paperback) 
020 |a 9781350116511  |q (3 volume set)  |q (paperback) 
043 |a e------ 
050 4 |a B2797  |b .P67 2024 
082 0 |a 193  |2 23 
245 0 0 |a Portraits of Kant :  |b reflections from 18th- and 19th- century Europe /  |c edited by Steve Naragon. 
264 1 |a London ;  |a New York :  |b Bloomsbury Academic,  |c 2024. 
300 |a 3 volumes :  |b illustrations ;  |c 25 cm. 
336 |a text  |b txt  |2 rdacontent 
337 |a unmediated  |b n  |2 rdamedia 
338 |a volume  |b nc  |2 rdacarrier 
504 |a Includes bibliographical references and indexes. 
505 0 |a Volume 1. Portraits of Kant as child and student / edited by Steve Naragon -- volume 2. Portraits of Kant as professor and socialite / edited by Steve Naragon -- volume 3. Portraits of Kant as philosopher and world-citizen / edited by Steve Naragon. 
520 |a Portraits of Kant is a rare collection of first-hand accounts of the 18th-century German philosopher Immanuel Kant, arguably one of the most important thinkers of the modern age. Nearly all of the source material is appearing for the first time in English, with extracts from letters, diaries and journals of the day, as well as longer biographical sketches and memoirs. This one-of-kind biographical resource, told through the words of those who knew and argued with him, is accompanied by an introduction, commentaries and packed with maps and illustrations. For anyone interested in Kant or the history of modern European philosophy, it brings 18th-century Germany to life and offers new perspectives into the life and character of one of the world’s most influential individuals. 
600 1 0 |a Kant, Immanuel,  |d 1724-1804. 
600 1 0 |a Kant, Immanuel,  |d 1724-1804  |x Portraits. 
600 1 0 |a Kant, Immanuel,  |d 1724-1804  |x Childhood and youth. 
650 0 |a Philosophers  |z Europe. 
650 6 |a Philosophes  |z Europe. 
945 |b 434518 
947 |a A14852293100 
947 |a A14852293118 
947 |a A14852293126 
948 |a dmitchel 7/16/25 10.20.30 
980 |b print  |c 40032785278  |f NONFIC/B  |g 565714  |k USD  |m 300.00  |q 1  |s AcqMono Conventional  |t Approval plan  |u Vendor order reference number  |v ZYBP  |y Print approval  |z Physical resource 
993 |a vol. 1  |a vol. 2  |a vol. 3 
999 f f |i 48e75c7f-a4bd-4039-8204-dac9963828b7  |s 476c7cd2-7049-4c90-bda6-ca1bff57392d  |t 0 
952 f f |p normal  |a Texas A&M University  |b College Station  |c Sterling C. Evans Library  |d Evans: Library Stacks  |t 0  |e B2797 .P67 2024  |h Library of Congress classification  |i unmediated -- volume  |k v.1  |m A14852293100 
952 f f |p normal  |a Texas A&M University  |b College Station  |c Sterling C. Evans Library  |d Evans: Library Stacks  |t 0  |e B2797 .P67 2024  |h Library of Congress classification  |i unmediated -- volume  |k v.2  |m A14852293118 
952 f f |p normal  |a Texas A&M University  |b College Station  |c Sterling C. Evans Library  |d Evans: Library Stacks  |t 0  |e B2797 .P67 2024  |h Library of Congress classification  |i unmediated -- volume  |k v.3  |m A14852293126 
998 f f |a B2797 .P67 2024  |t 0  |l Evans: Library Stacks